000 02604cam a2200289 4500500
005 20260329021914.0
041 _afre
042 _adc
100 1 0 _aPotz, Magdalena
_eauthor
245 0 0 _aRésultats préliminaires du Projet P.A.R.L.E.R. - Participer, Apprendre, Réfléchir : Lier Engagement et Réticences
260 _c2025.
500 _a86
520 _aThe P.A.R.L.E.R. project (Participate, Learn, Reflect: Linking Engagement and Reluctance) explores the underlying causes of citizen non-participation in local participatory processes. It is based on an innovative citizen science approach in schools, involving students in collecting the voices of adults who are unfamiliar with local democratic practices. Conducted in educational institutions in the Saint-Étienne area, the project pursues a dual objective: scientific, by reaching audiences often “invisible” in traditional participatory mechanisms; and educational, by raising students’ awareness of research in the social sciences and of active citizenship. Through this approach, we examine the barriers to civic engagement and seek to identify levers for making participatory processes more inclusive.
520 _aLe projet P.A.R.L.E.R. (Participer, Apprendre, Réfléchir : Lier Engagement et Réticences) explore les ressorts de la non-participation citoyenne aux dispositifs participatifs locaux. Il s’appuie sur une démarche innovante de science participative en milieu scolaire, en mobilisant des élèves pour recueillir la parole d’adultes peu familiers des démarches de démocratie locale. Ce projet, mené dans des établissements du bassin stéphanois, vise un double objectif : scientifique, en accédant à des publics souvent « invisibles » dans les dispositifs classiques ; pédagogique, en sensibilisant les élèves à la recherche en SHS et à la citoyenneté. À travers cette approche, nous interrogeons les freins à l’engagement civique et cherchons à identifier des leviers pour rendre les démarches participatives plus inclusives.
690 _aDémocratie locales
690 _aEducation à la citoyenneté
690 _aNon-participation
690 _aPublics éloignés
690 _aScience participative
690 _aCitizen Science
690 _aCitizenship Education
690 _aHard-To-Reach Audiences
690 _aLocal Democracy
690 _aNon-Participation
786 0 _nInnovations | hors-série | HS1 | 2025-10-10 | p. 154-154 | 1267-4982
856 4 1 _uhttps://shs.cairn.info/revue-innovations-2025-HS1-page-154?lang=fr&redirect-ssocas=7080
999 _c1916158
_d1916158